عرض عادي
عرض مارك
- Fahrner, W. R.
مدخل إسم شخص
001 - رقم الضبط
- حقل الضبط: 57214
003 - معرف رقم الضبط
- حقل الضبط: OSt
005 - تاريخ ووقت أخر عملية
- حقل الضبط: 20161205131747.0
008 - عناصر بيانات ثابتة الطول
- حقل تحكم ثابت الطول: 161205|| aca||aabn | a|a d
040 ## - مصدر الفهرسة
- هيئة الفهرسة الأصلية: OSt
- وكالة الكتابة: OSt
100 ## - مدخل -- أسم شخص
- إسم شخص: Fahrner, W. R.
- الشكل الكامل للاسم: (Wolfgang R.)
670 ## - بيانات المصدر موجوده
- الاستشهاد بالمصدر: Work cat.: (OSt)0: Nanotechnology and nanoelectronics :, c2010
